000 00339nam a2200145Ia 4500
008 150201s2005 xx 000 0 und d
082 _a611
_bA05S
100 _aSINGH INDERBIR
245 _aANATOMY & PHYSIOLOGY FOR NURSES
250 _a1ST
260 _bJAYPEE
_aDELHI
_c2005
300 _a409
650 _aANATOMY
942 _2ddc
_cBK
_056
999 _c2045
_d2045